00516nam a2200157Ia 4500008004100000020001300041050002100054100002400075245007200099260005000171300003900221650001300260650003800273650002800311999001900339150223s9999 xx 000 0 und d a71267379 aR 690b.D67 2005 aD'Orazio, Leo Paul. aOpportunities:bin healthy and medical careers /cLeo Paul D'Orazio aNew york:bMcGraw- Hill Companies, Inc.c2005 a153 pages :bIllustration;c20 cm. aNursing. aphysicias/ doctors and assistants aThe medical care sytem. c283273d283273